Normal view
MARC view
- الشركات التجارية -- القانون التجاري -- الشركات
Entry Topical Term
001 - CONTROL NUMBER
- control field: 25295
003 - CONTROL NUMBER IDENTIFIER
- control field: JO-AjAnu
005 - DATE AND TIME OF LATEST TRANSACTION
- control field: 20230606074326.0
008 - FIXED-LENGTH DATA ELEMENTS
- fixed length control field: 230606|| aca||aabn | a|a d
040 ## - CATALOGING SOURCE
- Original cataloging agency: JO-AjAnu
- Transcribing agency: JO-AjAnu
150 ## - HEADING--TOPICAL TERM
- Topical term or geographic name entry element: الشركات التجارية -- القانون التجاري -- الشركات
670 ## - SOURCE DATA FOUND
- Source citation: Work cat.: (JO-AjAnu)13009: العكيلي ، عزيز , author 25294, الوسيط في الشركات التجارية " دراسة فقهية قضائية مقارنة في الأحكام العامة والخاصة "